[Event "8th Novi Sad it"]
[Site "Novi Sad"]
[Date "1979.10.21"]
[EventDate "1979.10.13"]
[Round "7.2"]
[White "Deze, Anton"]
[Black "Geller, Efim"]
[Result "1/2-1/2"]
[WhiteElo "2415"]
[BlackElo "2550"]
[PlyCount "45"]
[Source "Perpetual Check"]

1. c4 g6 2. d4 Bg7 3. Nc3 Nf6 4. e4 d6 5. f3 O-O 6. Be3 Nc6 7. Nge2 a6 8. Qd2
Rb8 9. h4 e5 10. d5 Na5 11. Ng3 c5 12. h5 Bd7 13. Bh6 b5 14. Bxg7 Kxg7 15. Be2
Ng8 16. Nd1 Nxc4 17. Bxc4 bxc4 18. Ne3 Rb4 19. Rc1 Qf6 20. Rxc4 Rfb8 21. Rxb4
Rxb4 22. hxg6 hxg6 23. Ne2 1/2-1/2

[Event "8th Novi Sad it"]
[Site "Novi Sad"]
[Date "1979.10.21"]
[EventDate "1979.10.13"]
[Round "7.3"]
[White "Gheorghiu, Florin"]
[Black "Buljovcic, Ivan"]
[Result "1-0"]
[WhiteElo "2540"]
[BlackElo "2430"]
[PlyCount "119"]
[Source "Perpetual Check"]

1. c4 c5 2. Nf3 Nf6 3. Nc3 d5 4. cxd5 Nxd5 5. d4 Nxc3 6. bxc3 g6 7. e4 Bg7 8.
Be3 O-O 9. Rc1 Qa5 10. Qd2 Nd7 11. Bd3 b6 12. d5 Ba6 13. c4 Qxd2+ 14. Kxd2 e6
15. Rhe1 Rae8 16. h3 h6 17. g4 f5 18. dxe6 f4 19. exd7 fxe3+ 20. Rxe3 Rd8 21.
e5 Rxd7 22. Ke2 g5 23. h4 Bb7 24. Bf5 Bxf3+ 25. Rxf3 Re7 26. e6 gxh4 27. Rd1
Bf6 28. Rd5 Bg5 29. Rfd3 Kg7 30. Re5 Bf6 31. Re4 Bd4 32. f4 Bf6 33. Rd5 Rg8 34.
Kf3 Ree8 35. Re3 Re7 36. Kg2 Rge8 37. Kh3 Rb8 38. Ra3 Rbe8 39. Rd7 a5 40. Rd6
Rb7 41. Rb3 Bd8 42. Rbd3 Bf6 43. a4 Rbb8 44. Rd7+ Re7 45. R7d6 Ree8 46. Rb3
Red8 47. Rd7+ Rxd7 48. exd7 Kf7 49. Re3 Rh8 50. Re8 Kg7 51. Kg2 Bd8 52. Re6 Bc7
53. Rg6+ Kf7 54. Rc6 Bd8 55. Kf3 Kg7 56. Bg6 Kf8 57. Be8 Ke7 58. f5 Kf8 59. f6
Rg8 60. Bh5 1-0

[Event "8th Novi Sad it"]
[Site "Novi Sad"]
[Date "1979.10.21"]
[EventDate "1979.10.13"]
[Round "7.5"]
[White "Sveshnikov, Evgeny"]
[Black "Farago, Ivan"]
[Result "1/2-1/2"]
[WhiteElo "2545"]
[BlackElo "2510"]
[PlyCount "39"]
[Source "Perpetual Check"]

1. e4 e6 2. d4 d5 3. e5 c5 4. c3 Nc6 5. Nf3 Qb6 6. a3 c4 7. Nbd2 Na5 8. Be2 Bd7
9. O-O h6 10. Rb1 Ne7 11. g3 Nec6 12. Nh4 Be7 13. Ng2 O-O-O 14. Kh1 Be8 15. f4
f5 16. exf6 Bxf6 17. Bh5 Ne7 18. Bxe8 Rdxe8 19. g4 g6 20. Nf3 1/2-1/2

[Event "8th Novi Sad it"]
[Site "Novi Sad"]
[Date "1979.10.21"]
[EventDate "1979.10.13"]
[Round "7.6"]
[White "Kurajica, Bojan"]
[Black "Rajkovic, Dusan"]
[Result "1/2-1/2"]
[WhiteElo "2515"]
[BlackElo "2460"]
[PlyCount "31"]
[Source "Perpetual Check"]

1. e4 c6 2. d4 d5 3. Nd2 dxe4 4. Nxe4 Bf5 5. Ng3 Bg6 6. h4 h6 7. Nf3 Nd7 8. Bd3
Bxd3 9. Qxd3 Ngf6 10. Bf4 Qa5+ 11. Bd2 Qc7 12. O-O-O e6 13. Qe2 Bd6 14. Ne4
Nxe4 15. Qxe4 O-O-O 16. Kb1 1/2-1/2

[Event "8th Novi Sad it"]
[Site "Novi Sad"]
[Date "1979.10.21"]
[EventDate "1979.10.13"]
[Round "7.7"]
[White "Gligoric, Svetozar"]
[Black "Browne, Walter Shawn"]
[Result "0-1"]
[WhiteElo "2560"]
[BlackElo "2540"]
[PlyCount "144"]
[Source "Perpetual Check"]

1. d4 Nf6 2. c4 e6 3. Nc3 Bb4 4. e3 O-O 5. Bd3 c5 6. Nf3 d5 7. O-O cxd4 8. exd4
dxc4 9. Bxc4 b6 10. Bg5 Bb7 11. Rc1 Nbd7 12. Re1 Rc8 13. Bd3 Re8 14. Qe2 Bxc3
15. bxc3 Qc7 16. Bh4 Nh5 17. Qe3 Ndf6 18. Ne5 Nd5 19. Qf3 Ndf4 20. Be4 Bxe4 21.
Rxe4 f6 22. Nd3 Nxd3 23. Qxd3 f5 24. Ree1 Nf4 25. Qf3 Nd5 26. c4 b5 27. c5 h6
28. h3 f4 29. Re5 Qf7 30. Rce1 g5 31. Bxg5 hxg5 32. Rxg5+ Kf8 33. Re4 Rcd8 34.
Rg4 Qh7 35. Rgxf4+ Nxf4 36. Rxf4+ Ke7 37. Qa3 b4 38. Qxb4 Rb8 39. Qa3 Kd8 40.
Qg3 Kc8 41. Rg4 Qc7 42. Qd3 Rb2 43. a3 Rf8 44. f3 e5 45. d5 Qxc5+ 46. Kh2 Kb8
47. d6 Rd8 48. d7 Qc7 49. Qe4 Rxd7 50. f4 Rd8 51. f5 Rb6 52. h4 a6 53. h5 Ka7
54. Rg6 Rd4 55. Qe2 Qe7 56. g3 Rxg6 57. hxg6 e4 58. Qe3 Qe5 59. Kg2 Ka8 60. Qc3
e3 61. g7 Qd5+ 62. Kh2 Rd2+ 63. Kh3 Qxf5+ 64. g4 Qf3+ 65. Kh4 Rh2+ 66. Kg5 Qd5+
67. Kg6 Qe6+ 68. Kg5 Qd5+ 69. Kg6 Qe6+ 70. Kg5 Qh6+ 71. Kf5 Rf2+ 72. Ke4 Qe6+
0-1

[Event "8th Novi Sad it"]
[Site "Novi Sad"]
[Date "1979.10.22"]
[EventDate "1979.10.13"]
[Round "8.1"]
[White "Bojkovic, Slobodan"]
[Black "Browne, Walter Shawn"]
[Result "0-1"]
[WhiteElo "2410"]
[BlackElo "2540"]
[PlyCount "78"]
[Source "Perpetual Check"]

1. e4 c5 2. Nf3 d6 3. c3 Nf6 4. Bc4 e6 5. Qe2 Be7 6. Bb3 O-O 7. O-O b6 8. Rd1
Ba6 9. d3 Nc6 10. Nbd2 Rc8 11. h3 d5 12. e5 Nd7 13. Qe3 Qc7 14. d4 cxd4 15.
cxd4 Nb4 16. Ne1 Bc4 17. Bxc4 dxc4 18. Ne4 Qc6 19. a3 Nd5 20. Qg3 f5 21. exf6
N7xf6 22. Nxf6+ Rxf6 23. Nf3 Rg6 24. Ne5 Rxg3 25. Nxc6 Rb3 26. Nxe7+ Nxe7 27.
Bg5 Nd5 28. Rd2 h6 29. Bh4 Nf4 30. Rc1 Rd3 31. Rcc2 Kf7 32. Bg3 Rxd2 33. Rxd2
Nd3 34. Rc2 b5 35. Be5 a5 36. h4 b4 37. axb4 axb4 38. h5 c3 39. bxc3 b3 0-1

[Event "8th Novi Sad it"]
[Site "Novi Sad"]
[Date "1979.10.22"]
[EventDate "1979.10.13"]
[Round "8.3"]
[White "Farago, Ivan"]
[Black "Kurajica, Bojan"]
[Result "1/2-1/2"]
[WhiteElo "2510"]
[BlackElo "2515"]
[PlyCount "33"]
[Source "Perpetual Check"]

1. d4 Nf6 2. c4 e6 3. Nf3 b6 4. a3 Bb7 5. Nc3 d5 6. cxd5 exd5 7. Bf4 Bd6 8.
Bxd6 Qxd6 9. g3 O-O 10. Bg2 c6 11. Ne5 Nbd7 12. Nxd7 Qxd7 13. O-O Ne8 14. Na2
Nd6 15. Nb4 f6 16. Nd3 g5 17. Re1 1/2-1/2

[Event "8th Novi Sad it"]
[Site "Novi Sad"]
[Date "1979.10.22"]
[EventDate "1979.10.13"]
[Round "8.5"]
[White "Buljovcic, Ivan"]
[Black "Knaak, Rainer"]
[Result "1/2-1/2"]
[WhiteElo "2430"]
[BlackElo "2565"]
[PlyCount "116"]
[Source "Perpetual Check"]

1. e4 Nc6 2. Nc3 e5 3. g3 Bc5 4. Bg2 a6 5. Nge2 d6 6. d3 Be6 7. Nd5 h5 8. h3
Qd7 9. Be3 O-O-O 10. Qd2 Nge7 11. a3 Kb8 12. O-O-O Nc8 13. d4 exd4 14. Nxd4
Bxd5 15. exd5 Ne5 16. Qc3 Nb6 17. Nb3 Bxe3+ 18. Qxe3 Rde8 19. Qg5 g6 20. Rhe1
Na4 21. Re4 f6 22. Qd2 f5 23. Rb4 Nb6 24. Nd4 a5 25. Rb5 a4 26. Qb4 Qc8 27. b3
axb3 28. cxb3 Ned7 29. Ne6 c5 30. Qf4 Ne5 31. Rxb6 c4 32. Qd4 cxb3+ 33. Nc5
dxc5 34. Qc3 c4 35. d6 Rh7 36. Bf1 Qc5 37. Qb4 Qxb4 38. Rxb4 Rc8 39. Kb2 Rd7
40. Kc3 Rc5 41. Bxc4 Kc8 42. Kxb3 Nc6 43. Be6 Nxb4 44. axb4 Re5 45. Rc1+ Kd8
46. Bxd7 Kxd7 47. Rc7+ Kxd6 48. Rxb7 Re2 49. Rb6+ Kc7 50. Rxg6 Rxf2 51. Ka4 f4
52. Kb5 f3 53. Rf6 Rf1 54. Rf5 f2 55. Rc5+ Kd6 56. Rf5 Ke6 57. Rf4 Ke5 58. h4
Ke6 1/2-1/2

[Event "8th Novi Sad it"]
[Site "Novi Sad"]
[Date "1979.10.22"]
[EventDate "1979.10.13"]
[Round "8.6"]
[White "Geller, Efim"]
[Black "Gheorghiu, Florin"]
[Result "1/2-1/2"]
[WhiteElo "2550"]
[BlackElo "2540"]
[PlyCount "26"]
[Source "Perpetual Check"]

1. e4 c5 2. Nf3 e6 3. d4 cxd4 4. Nxd4 a6 5. Bd3 Nf6 6. O-O d6 7. c4 Be7 8. Nc3
O-O 9. Be3 Nbd7 10. Rc1 Re8 11. Re1 Bf8 12. h3 b6 13. b3 Nc5 1/2-1/2

[Event "8th Novi Sad it"]
[Site "Novi Sad"]
[Date "1979.10.22"]
[EventDate "1979.10.13"]
[Round "8.7"]
[White "Popovic, Petar"]
[Black "Deze, Anton"]
[Result "1-0"]
[WhiteElo "2410"]
[BlackElo "2415"]
[PlyCount "65"]
[Source "Perpetual Check"]

1. g3 d5 2. Bg2 Nf6 3. d3 e5 4. Nf3 Nc6 5. O-O Be7 6. a3 a5 7. b3 O-O 8. Bb2 e4
9. dxe4 dxe4 10. Nd4 Nxd4 11. Bxd4 c5 12. Bb2 a4 13. bxa4 Qb6 14. Qc1 Rxa4 15.
Nc3 Rc4 16. h3 Be6 17. Rd1 Rd8 18. Rxd8+ Qxd8 19. e3 b5 20. Nxb5 Qd7 21. Rb1
Bxh3 22. Bxh3 Qxh3 23. Bxf6 gxf6 24. Qd1 h5 25. Nc7 Qg4 26. Rb8+ Kg7 27. Qd5
Rxc2 28. Ne8+ Kg6 29. Nd6 Rc1+ 30. Kh2 Qe6 31. Nf5 Bf8 32. Nh4+ Kg7 33. Qd8 1-0

[Event "8th Novi Sad it"]
[Site "Novi Sad"]
[Date "1979.10.23"]
[EventDate "1979.10.13"]
[Round "9.1"]
[White "Deze, Anton"]
[Black "Bojkovic, Slobodan"]
[Result "1/2-1/2"]
[WhiteElo "2415"]
[BlackElo "2410"]
[PlyCount "101"]
[Source "Perpetual Check"]

1. d4 d5 2. c4 e6 3. Nc3 c6 4. Nf3 Nf6 5. cxd5 exd5 6. Bg5 Be7 7. Qc2 g6 8. e3
Bf5 9. Bd3 Bxd3 10. Qxd3 a5 11. Ne5 Nbd7 12. f4 Ng8 13. Bxe7 Qxe7 14. e4 dxe4
15. Nxe4 O-O-O 16. O-O f5 17. Nf2 Ngf6 18. Qc3 Nd5 19. Nxc6 bxc6 20. Qxc6+ Nc7
21. Rac1 Nb8 22. Qa8 Qb4 23. Qa7 Qb7 24. Qxa5 Rxd4 25. Rc3 Rd6 26. Rfc1 Nba6
27. b4 Qb6 28. Qxb6 Rxb6 29. Nd3 Kb7 30. a3 Rd8 31. Ne5 Rbd6 32. Rh3 h5 33. Rg3
Rg8 34. Nc4 Re6 35. Rd3 h4 36. Rd7 g5 37. fxg5 Rxg5 38. Nd6+ Kb6 39. Nc4+ Kb5
40. Rd2 h3 41. g3 f4 42. a4+ Kxa4 43. Ra2+ Kxb4 44. Rb2+ Kc5 45. Ne5+ Kd5 46.
Nf3 Rg8 47. Rd2+ Ke4 48. Kf2 fxg3+ 49. hxg3 Rf6 50. Rc4+ Kf5 51. Rf4+ 1/2-1/2

[Event "8th Novi Sad it"]
[Site "Novi Sad"]
[Date "1979.10.23"]
[EventDate "1979.10.13"]
[Round "9.2"]
[White "Gheorghiu, Florin"]
[Black "Popovic, Petar"]
[Result "1-0"]
[WhiteElo "2540"]
[BlackElo "2410"]
[PlyCount "137"]
[Source "Perpetual Check"]

1. d4 Nf6 2. c4 g6 3. Nc3 Bg7 4. e4 d6 5. f3 O-O 6. Be3 a6 7. Qd2 b6 8. Rd1 Re8
9. Nge2 Nfd7 10. d5 c5 11. dxc6 Nxc6 12. Nf4 Rb8 13. Be2 Nc5 14. O-O e5 15.
Nfd5 Ne6 16. b4 Ncd4 17. Bd3 Bd7 18. a4 Bc6 19. Rb1 Qd7 20. b5 axb5 21. cxb5
Bxd5 22. Nxd5 Nc5 23. a5 bxa5 24. Bxd4 exd4 25. b6 Rec8 26. Bb5 Qb7 27. Qxa5
Ra8 28. Qd2 Ra3 29. Qb4 Ra2 30. Ra1 Rca8 31. Rxa2 Rxa2 32. Bc4 Rc2 33. Rd1 h5
34. Nc7 d3 35. Qb5 Rxc4 36. Qxc4 Qxb6 37. Nd5 Qb2 38. Qb4 Qc2 39. Qb1 Nb3 40.
Kh1 Bb2 41. Ne3 Nd4 42. Nxc2 dxc2 43. Qxc2 Nxc2 44. Rd2 Be5 45. Rxc2 h4 46. Kg1
Kg7 47. h3 Kf6 48. Kf2 Bf4 49. Ke2 Ke6 50. Rc7 f6 51. Kd3 g5 52. Ra7 Bg3 53.
Ra5 Bf4 54. Kc4 Bg3 55. Rd5 Be5 56. Kb5 Bg3 57. Kc6 Bf4 58. Rb5 Be3 59. Rb8 Ke5
60. Re8+ Kf4 61. Re6 Kg3 62. Rxf6 Kxg2 63. Rxd6 Bf4 64. Rd3 Bg3 65. Kd5 Kxh3
66. e5 Be1 67. Kc4 Kg2 68. e6 h3 69. Rd1 1-0

[Event "8th Novi Sad it"]
[Site "Novi Sad"]
[Date "1979.10.23"]
[EventDate "1979.10.13"]
[Round "9.7"]
[White "Browne, Walter Shawn"]
[Black "Rajkovic, Dusan"]
[Result "1/2-1/2"]
[WhiteElo "2540"]
[BlackElo "2460"]
[PlyCount "114"]
[Source "Perpetual Check"]

1. d4 Nf6 2. Nf3 g6 3. c4 c5 4. Nc3 Bg7 5. e4 d6 6. Be2 O-O 7. O-O cxd4 8. Nxd4
Nc6 9. Be3 Nd7 10. Rc1 Nc5 11. Qd2 Bd7 12. Rfd1 Re8 13. Ndb5 a6 14. Bxc5 axb5
15. cxb5 dxc5 16. Qxd7 Nd4 17. Qxd8 Rexd8 18. Bc4 e6 19. Rd3 Be5 20. Kf1 Kf8
21. a4 Ke7 22. b3 b6 23. Ne2 Nxe2 24. Kxe2 Rxd3 25. Bxd3 Bb2 26. Rc4 Ba3 27. e5
Bb4 28. f4 h5 29. Ke3 Rd8 30. Rc2 Ba5 31. Be2 Rd4 32. Bd3 Rd8 33. g3 Be1 34.
Re2 Bc3 35. Rc2 Be1 36. Rc1 Bb4 37. h3 Ba5 38. Rh1 Bc3 39. Rc1 Bb4 40. Rd1 Bc3
41. Rc1 Bb4 42. Rh1 Bc3 43. g4 Rh8 44. gxh5 Rxh5 45. Be2 Rh8 46. h4 Bb4 47. Kf3
Bd2 48. Kg3 Bb4 49. Rd1 Rd8 50. Rxd8 Kxd8 51. Kg4 Ke7 52. Kg5 Ke8 53. h5 gxh5
54. Bxh5 Ke7 55. f5 Bd2+ 56. Kg4 f6 57. fxe6 Kxe6 1/2-1/2

[Event "8th Novi Sad it"]
[Site "Novi Sad"]
[Date "1979.10.25"]
[EventDate "1979.10.13"]
[Round "10.1"]
[White "Bojkovic, Slobodan"]
[Black "Rajkovic, Dusan"]
[Result "1-0"]
[WhiteElo "2410"]
[BlackElo "2460"]
[PlyCount "125"]
[Source "Perpetual Check"]

1. e4 c5 2. Nf3 e6 3. d4 cxd4 4. Nxd4 a6 5. Bd3 g6 6. O-O Bg7 7. Be3 d6 8. c4
Nf6 9. Nc3 O-O 10. f3 b6 11. Qd2 Qc7 12. Rac1 Bb7 13. Rfd1 Nbd7 14. Bf1 Rfd8
15. Qf2 Rac8 16. b4 Qb8 17. a3 Re8 18. Nb3 d5 19. exd5 exd5 20. Nxd5 Nxd5 21.
cxd5 Rxc1 22. Nxc1 Qd6 23. Bc4 Be5 24. g3 Rc8 25. Bb3 a5 26. Na2 h5 27. Kg2 Qf6
28. Qd2 h4 29. Bg5 h3+ 30. Kf2 Qf5 31. g4 Bd4+ 32. Kg3 Be5+ 33. f4 Qxg5 34.
fxe5 Qxe5+ 35. Kxh3 Kg7 36. Kg2 Nf6 37. g5 Nxd5 38. Bxd5 Bxd5+ 39. Qxd5 Rc2+
40. Kf3 Qe2+ 41. Kf4 Qxh2+ 42. Ke4 Qg2+ 43. Kd4 Qf2+ 44. Ke5 Rxa2 45. Kd6 Qf4+
46. Kc6 Rxa3 47. b5 Rg3 48. Qd4+ Qxd4 49. Rxd4 Rxg5 50. Kxb6 Re5 51. Kc6 Re1
52. b6 Rb1 53. b7 f5 54. Rd5 Rxb7 55. Kxb7 Kf6 56. Kc6 Kg5 57. Rxa5 Kf4 58. Kd5
g5 59. Ra4+ Kf3 60. Ke5 f4 61. Ra3+ Kg2 62. Ke4 Kf2 63. Kf5 1-0

[Event "8th Novi Sad it"]
[Site "Novi Sad"]
[Date "1979.10.25"]
[EventDate "1979.10.13"]
[Round "10.4"]
[White "Buljovcic, Ivan"]
[Black "Kurajica, Bojan"]
[Result "1/2-1/2"]
[WhiteElo "2430"]
[BlackElo "2515"]
[PlyCount "30"]
[Source "Perpetual Check"]

1. e4 c5 2. c3 d5 3. exd5 Qxd5 4. d4 Nc6 5. Nf3 e6 6. Be2 Nf6 7. Bg5 cxd4 8.
Bxf6 gxf6 9. cxd4 Bb4+ 10. Nc3 Rg8 11. O-O Bxc3 12. bxc3 e5 13. dxe5 Qxd1 14.
Rfxd1 fxe5 15. Bd3 Bh3 1/2-1/2

[Event "8th Novi Sad it"]
[Site "Novi Sad"]
[Date "1979.10.25"]
[EventDate "1979.10.13"]
[Round "10.5"]
[White "Geller, Efim"]
[Black "Sveshnikov, Evgeny"]
[Result "1/2-1/2"]
[WhiteElo "2550"]
[BlackElo "2545"]
[PlyCount "34"]
[Source "Perpetual Check"]

1. e4 c5 2. Nf3 Nc6 3. d4 cxd4 4. Nxd4 Nf6 5. Nc3 e6 6. a3 d5 7. Bb5 Bd7 8.
exd5 exd5 9. O-O Be7 10. Re1 O-O 11. Bg5 a6 12. Bf1 Nxd4 13. Qxd4 Be6 14. Rad1
Rc8 15. h3 Qa5 16. Bd2 Qc5 17. Qxc5 Bxc5 1/2-1/2

[Event "8th Novi Sad it"]
[Site "Novi Sad"]
[Date "1979.10.25"]
[EventDate "1979.10.13"]
[Round "10.6"]
[White "Popovic, Petar"]
[Black "Knaak, Rainer"]
[Result "1-0"]
[WhiteElo "2410"]
[BlackElo "2565"]
[PlyCount "103"]
[Source "Perpetual Check"]

1. g3 d5 2. Bg2 Nf6 3. d3 c5 4. Nf3 Nc6 5. O-O Bg4 6. c4 e6 7. Qa4 Qd7 8. h3
Bh5 9. g4 Bg6 10. g5 Nh5 11. cxd5 exd5 12. e4 d4 13. Nh4 Bd6 14. f4 Ng3 15. Re1
Nb4 16. Qd1 Bh5 17. Qd2 h6 18. a3 hxg5 19. e5 Be7 20. axb4 gxh4 21. bxc5 Bxc5
22. b4 Be7 23. Na3 Rh6 24. Nc4 Kf8 25. Ra5 Kg8 26. Kh2 Qc7 27. b5 Bc5 28. Ba3
Bb6 29. Ra4 Nf5 30. Bd6 Nxd6 31. exd6 Rxd6 32. Nxd6 Qxd6 33. Re5 Bg6 34. Bxb7
Rb8 35. Bd5 Qf6 36. Rc4 Ba5 37. Qf2 Bxd3 38. Rc6 Qd8 39. Qxd4 Bxb5 40. Rg5 Qxg5
41. fxg5 Bxc6 42. Bxc6 Bc7+ 43. Kg2 Bg3 44. Bd5 Rb6 45. Qe4 Kf8 46. Qf5 Rb2+
47. Kg1 Rf2 48. Qc8+ Ke7 49. Qc5+ Kd7 50. Qxa7+ Kd6 51. Bxf7 Ke5 52. Bc4 1-0

[Event "8th Novi Sad it"]
[Site "Novi Sad"]
[Date "1979.10.25"]
[EventDate "1979.10.13"]
[Round "10.7"]
[White "Deze, Anton"]
[Black "Gheorghiu, Florin"]
[Result "0-1"]
[WhiteElo "2415"]
[BlackElo "2540"]
[PlyCount "69"]
[Source "Perpetual Check"]

1. c4 c5 2. Nf3 Nf6 3. Nc3 b6 4. d4 cxd4 5. Nxd4 Bb7 6. Bg5 a6 7. Qd3 e6 8. e4
d6 9. Be2 Nbd7 10. Nb3 Qc7 11. O-O Be7 12. Nd2 h6 13. Qh3 Nc5 14. Be3 Ncxe4 15.
Ndxe4 Nxe4 16. Nxe4 Bxe4 17. Qg4 Bg6 18. Qd4 Bf6 19. Qxb6 Qxb6 20. Bxb6 Bxb2
21. Rad1 Ke7 22. c5 d5 23. c6 Rhc8 24. c7 Be5 25. Rc1 Kd7 26. Bd1 Bd3 27. Ba4+
Bb5 28. Bxb5+ axb5 29. Rc5 Bxc7 30. Bxc7 Rxc7 31. Rxb5 Rxa2 32. Rb4 Rac2 33.
Rg4 g6 34. h4 Rc1 35. h5 0-1

[Event "8th Novi Sad it"]
[Site "Novi Sad"]
[Date "1979.10.26"]
[EventDate "1979.10.13"]
[Round "11.1"]
[White "Gheorghiu, Florin"]
[Black "Bojkovic, Slobodan"]
[Result "1-0"]
[WhiteElo "2540"]
[BlackElo "2410"]
[PlyCount "75"]
[Source "Perpetual Check"]

1. c4 e6 2. Nf3 d5 3. g3 Nf6 4. Bg2 dxc4 5. Qa4+ Nbd7 6. Qxc4 c5 7. Qb3 Rb8 8.
d3 Bd6 9. Nc3 a6 10. Ng5 h6 11. Nge4 Nxe4 12. Nxe4 Be7 13. Bf4 e5 14. Be3 O-O
15. O-O Kh7 16. Qc2 b6 17. d4 f5 18. dxc5 bxc5 19. Nxc5 Nxc5 20. Bxc5 Bxc5 21.
Qxc5 Rxb2 22. Qxe5 Qd2 23. Qe7 Rh8 24. e4 Rxa2 25. Rxa2 Qxa2 26. exf5 Bxf5 27.
Be4 Rf8 28. Qxf8 Bxe4 29. Re1 Qd5 30. g4 a5 31. h4 a4 32. h5 a3 33. Qxa3 Bf3
34. Qb4 Qd7 35. Qb1+ Kg8 36. Qb3+ Bd5 37. Qb8+ Kh7 38. Qf4 1-0

[Event "8th Novi Sad it"]
[Site "Novi Sad"]
[Date "1979.10.26"]
[EventDate "1979.10.13"]
[Round "11.2"]
[White "Knaak, Rainer"]
[Black "Deze, Anton"]
[Result "1-0"]
[WhiteElo "2565"]
[BlackElo "2415"]
[PlyCount "123"]
[Source "Perpetual Check"]

1. d4 Nf6 2. c4 e6 3. Nc3 d5 4. cxd5 exd5 5. Bg5 c6 6. e3 Be7 7. Qc2 Nbd7 8.
Nf3 O-O 9. Bd3 Re8 10. h3 Nf8 11. Bxf6 Bxf6 12. O-O-O Be6 13. g4 Rc8 14. Rdg1
c5 15. g5 Be7 16. h4 cxd4 17. Nxd4 Bb4 18. h5 Qa5 19. Kd2 Qxa2 20. Ra1 Bxc3+
21. bxc3 Qxc2+ 22. Bxc2 a6 23. f4 g6 24. Ra5 Rc7 25. Rb1 Rd8 26. Bb3 Rd6 27. h6
Nd7 28. Bc2 Nb6 29. Bd3 Kf8 30. Ra2 Bc8 31. Rb4 Nc4+ 32. Bxc4 Rxc4 33. Rxc4
dxc4 34. e4 b5 35. Ke3 Ke7 36. Rd2 Rb6 37. f5 Bd7 38. Ra2 Bc8 39. Kf4 Rd6 40.
Ke5 gxf5 41. exf5 f6+ 42. gxf6+ Rxf6 43. Rg2 Rxh6 44. Rg7+ Kf8 45. Rc7 Bxf5 46.
Nxf5 Rb6 47. Nd4 Rg6 48. Ra7 h5 49. Ne6+ Kg8 50. Rxa6 Rg3 51. Kf6 Rf3+ 52. Kg6
Rg3+ 53. Ng5 Kf8 54. Kf6 Ke8 55. Ne4 Rf3+ 56. Ke6 Kd8 57. Rb6 Re3 58. Ke5 h4
59. Rxb5 h3 60. Kd4 h2 61. Rh5 Re2 62. Rh7 1-0

[Event "8th Novi Sad it"]
[Site "Novi Sad"]
[Date "1979.10.26"]
[EventDate "1979.10.13"]
[Round "11.3"]
[White "Sveshnikov, Evgeny"]
[Black "Popovic, Petar"]
[Result "0-1"]
[WhiteElo "2545"]
[BlackElo "2410"]
[PlyCount "84"]
[Source "Perpetual Check"]

1. e4 c5 2. Nf3 d6 3. d4 cxd4 4. Nxd4 Nf6 5. Nc3 Nc6 6. Bc4 e6 7. Be3 Be7 8.
Qe2 a6 9. O-O-O Qc7 10. Rhg1 Na5 11. Bd3 b5 12. g4 Nd7 13. Nf5 exf5 14. Nd5 Qd8
15. gxf5 Bf6 16. Bf4 Ne5 17. Nxf6+ gxf6 18. Bh6 Qc7 19. Bg7 Rg8 20. Bxf6 Rxg1
21. Rxg1 Bb7 22. f4 Qc5 23. Rg3 Nxd3+ 24. Qxd3 Rc8 25. e5 Qd5 26. Qxd5 Bxd5 27.
Rg7 dxe5 28. fxe5 Be4 29. Rg8+ Kd7 30. e6+ fxe6 31. fxe6+ Kc7 32. Be5+ Kb7 33.
Rg7+ Ka8 34. c3 Re8 35. e7 Kb7 36. Bf6 Nc6 37. Rg5 Kc7 38. a4 bxa4 39. Rg4 Bg6
40. Rxa4 Kb6 41. c4 Nxe7 42. Bd4+ Kb7 0-1

[Event "8th Novi Sad it"]
[Site "Novi Sad"]
[Date "1979.10.26"]
[EventDate "1979.10.13"]
[Round "11.4"]
[White "Kurajica, Bojan"]
[Black "Geller, Efim"]
[Result "1/2-1/2"]
[WhiteElo "2515"]
[BlackElo "2550"]
[PlyCount "24"]
[Source "Perpetual Check"]

1. e4 e5 2. Nf3 Nc6 3. Nc3 Nf6 4. d4 exd4 5. Nxd4 Bb4 6. Nxc6 bxc6 7. Bd3 d5 8.
exd5 Qe7+ 9. Qe2 Qxe2+ 10. Kxe2 Nxd5 11. Nxd5 cxd5 12. Bb5+ Bd7 1/2-1/2

[Event "8th Novi Sad it"]
[Site "Novi Sad"]
[Date "1979.10.26"]
[EventDate "1979.10.13"]
[Round "11.7"]
[White "Rajkovic, Dusan"]
[Black "Farago, Ivan"]
[Result "1/2-1/2"]
[WhiteElo "2460"]
[BlackElo "2510"]
[PlyCount "44"]
[Source "Perpetual Check"]

1. c4 Nf6 2. Nf3 e6 3. g3 d5 4. Bg2 Be7 5. O-O O-O 6. b3 c5 7. e3 Nc6 8. Bb2 a6
9. d4 dxc4 10. bxc4 cxd4 11. exd4 Rb8 12. Qe2 b5 13. Ne5 Nxe5 14. dxe5 Nd7 15.
cxb5 axb5 16. Nc3 Nc5 17. Rfd1 Qb6 18. Ne4 Nxe4 19. Bxe4 Bb7 20. Bd4 Qa6 21.
Bxb7 Qxb7 22. a4 bxa4 1/2-1/2

[Event "8th Novi Sad it"]
[Site "Novi Sad"]
[Date "1979.10.27"]
[EventDate "1979.10.13"]
[Round "12.1"]
[White "Bojkovic, Slobodan"]
[Black "Farago, Ivan"]
[Result "0-1"]
[WhiteElo "2410"]
[BlackElo "2510"]
[PlyCount "44"]
[Source "Perpetual Check"]

1. e4 e6 2. d4 d5 3. Nc3 Bb4 4. Nge2 dxe4 5. a3 Be7 6. Nxe4 Nc6 7. Bf4 Nf6 8.
Qd3 b6 9. O-O-O Bb7 10. N2c3 O-O 11. h4 Qd7 12. Nxf6+ Bxf6 13. Ne4 Qxd4 14.
Nxf6+ Qxf6 15. Qg3 e5 16. Bg5 Qe6 17. b3 Nd4 18. f4 Qc6 19. Rd2 Nf5 20. Qh3 Nd6
21. fxe5 Ne4 22. Re2 Qc5 0-1

[Event "8th Novi Sad it"]
[Site "Novi Sad"]
[Date "1979.10.27"]
[EventDate "1979.10.13"]
[Round "12.5"]
[White "Popovic, Petar"]
[Black "Kurajica, Bojan"]
[Result "1/2-1/2"]
[WhiteElo "2410"]
[BlackElo "2515"]
[PlyCount "25"]
[Source "Perpetual Check"]

1. g3 d5 2. Bg2 c6 3. d3 Nf6 4. Nd2 e5 5. e4 Bd6 6. Ngf3 Bg4 7. h3 Bxf3 8. Qxf3
Nbd7 9. O-O O-O 10. Re1 a5 11. Nf1 a4 12. a3 d4 13. h4 1/2-1/2

[Event "8th Novi Sad it"]
[Site "Novi Sad"]
[Date "1979.10.27"]
[EventDate "1979.10.13"]
[Round "12.7"]
[White "Gheorghiu, Florin"]
[Black "Knaak, Rainer"]
[Result "1/2-1/2"]
[WhiteElo "2540"]
[BlackElo "2565"]
[PlyCount "27"]
[Source "Perpetual Check"]

1. d4 g6 2. e4 Bg7 3. c4 d6 4. Nc3 Nd7 5. Be2 e5 6. Nf3 Ngf6 7. Be3 a5 8. d5
Ng4 9. Bg5 f6 10. Bh4 Nh6 11. Nd2 Nc5 12. Nb3 Nxb3 13. Qxb3 O-O 14. O-O-O
1/2-1/2

[Event "8th Novi Sad it"]
[Site "Novi Sad"]
[Date "1979.10.29"]
[EventDate "1979.10.13"]
[Round "13.1"]
[White "Knaak, Rainer"]
[Black "Bojkovic, Slobodan"]
[Result "1/2-1/2"]
[WhiteElo "2565"]
[BlackElo "2410"]
[PlyCount "93"]
[Source "Perpetual Check"]

1. d4 d5 2. c4 e6 3. Nf3 Nf6 4. e3 a6 5. Nbd2 c5 6. b3 Nc6 7. Bb2 cxd4 8. exd4
Be7 9. Be2 O-O 10. O-O b6 11. Re1 Bb7 12. Rc1 Rc8 13. Bd3 Nb4 14. Bb1 dxc4 15.
bxc4 b5 16. a3 Nc6 17. d5 exd5 18. cxb5 axb5 19. Qe2 Re8 20. Qxb5 Ba8 21. Qd3
g6 22. Ba2 Qd6 23. Nf1 Bf8 24. Ne3 Rcd8 25. Bxf6 Qxf6 26. Nxd5 Rxe1+ 27. Rxe1
Qb2 28. Qc4 Bxa3 29. Nc7 Qf6 30. Ne8 Qf5 31. Nh4 Ne5 32. Nxf5 Nxc4 33. Nf6+ Kf8
34. Nxh7+ Kg8 35. Nf6+ Kf8 36. Nh7+ Kg8 37. Nf6+ Kf8 38. Bxc4 gxf5 39. Nh5 Bb4
40. Ra1 Bc6 41. Rf1 Rd2 42. Rc1 Bd7 43. Nf4 Bd6 44. Ne2 Kg7 45. g3 Be6 46. f4
Bb8 47. Ra1 1/2-1/2

[Event "8th Novi Sad it"]
[Site "Novi Sad"]
[Date "1979.10.29"]
[EventDate "1979.10.13"]
[Round "13.2"]
[White "Sveshnikov, Evgeny"]
[Black "Gheorghiu, Florin"]
[Result "1/2-1/2"]
[WhiteElo "2545"]
[BlackElo "2540"]
[PlyCount "86"]
[Source "Perpetual Check"]

1. e4 c5 2. Nf3 e6 3. d4 cxd4 4. Nxd4 a6 5. Bd3 Nf6 6. O-O d6 7. c4 Be7 8. Nc3
O-O 9. b3 b6 10. Bb2 Bb7 11. Qe2 Nc6 12. Nxc6 Bxc6 13. Rad1 Nd7 14. Kh1 Qc7 15.
f4 Rfe8 16. Rf3 Bf8 17. Qf2 g6 18. Rc1 Qd8 19. Nd1 Nc5 20. Bb1 f5 21. exf5 exf5
22. Rg3 Ne4 23. Bxe4 Rxe4 24. Re3 Ra7 25. Rxe4 Bxe4 26. Bd4 Rb7 27. Nc3 Bc6 28.
Nd5 Bxd5 29. cxd5 Qe8 30. Qc2 Re7 31. Qc6 b5 32. h3 Re1+ 33. Kh2 Qxc6 34. Rxc6
Rd1 35. Bc3 Rxd5 36. Rxa6 Rd3 37. Be1 Rd1 38. Bb4 Rd4 39. a3 Rd3 40. Rb6 Rxb3
41. Rxb5 Kf7 42. Rb7+ Be7 43. g4 Ke6 1/2-1/2